[Event "GER-ch Seniors 15th"]
[Site "Bad Wiessee"]
[Date "2003.05.18"]
[Round "9.8"]
[White "Quasatchi, Mark"]
[Black "Bakhmatov, Eduard"]
[Result "0-1"]
[WhiteElo "2194"]
[BlackElo "2321"]
[PlyCount "51"]
[EventDate "2003.05.??"]
[EventType "swiss"]
[EventRounds "9"]
[EventCountry "GER"]
[SourceTitle "CBM 094 Extra"]
[Source "ChessBase"]
[SourceDate "2003.07.09"]
[SourceVersion "2"]
[SourceVersionDate "2003.07.09"]
[SourceQuality "1"]

1. d4 Nf6 2. Nf3 d6 3. h3 g6 4. c4 Bg7 5. Nc3 0-0 6. e4 c5 7. d5 e5 8. dxe6 fxe6 9. Be3 Qa5 10. Qd2 Nc6 11. Be2 e5 12. 0-0 Nd4 13. Bd1 b6 14. Kh2 Qa6 15. Re1 Qb7 16. Qd3 Bd7 17. Nd2 Bc6 18. Ba4 Bxa4 19. Nxa4 a6 20. Nc3 b5 21. b3 b4 22. Nd5 a5 23. f4 Nxd5 24. cxd5 exf4 25. Bf2 Be5 26. g3 0-1

[Event "GER-ch Seniors 15th"]
[Site "Bad Wiessee"]
[Date "2003.05.17"]
[Round "8.22"]
[White "Quasatchi, Mark"]
[Black "Rychlik, Kurt"]
[Result "1-0"]
[WhiteElo "2194"]
[BlackElo "2053"]
[PlyCount "120"]
[EventDate "2003.05.??"]
[EventType "swiss"]
[EventRounds "9"]
[EventCountry "GER"]
[SourceTitle "CBM 094 Extra"]
[Source "ChessBase"]
[SourceDate "2003.07.09"]
[SourceVersion "2"]
[SourceVersionDate "2003.07.09"]
[SourceQuality "1"]

1. d4 Nf6 2. Nf3 d6 3. h3 g6 4. c4 c5 5. Nc3 cxd4 6. Nxd4 Bg7 7. e4 Nc6 8. Be3 Bd7 9. Be2 0-0 10. 0-0 a6 11. a3 Rc8 12. Rc1 h6 13. b4 Kh7 14. Nf3 Be6 15. Nd2 Nd7 16. Nd5 Nd4 17. Nb3 Nxe2+ 18. Qxe2 Bxd5 19. exd5 e5 20. dxe6 fxe6 21. Rfd1 Ne5 22. f4 Nf7 23. c5 d5 24. Bd4 Re8 25. Bxg7 Kxg7 26. Qf3 Qf6 27. Nd4 g5 28. f5 exf5 29. Nxf5+ Kg6 30. g4 Re4 31. Rxd5 Rce8 32. Rf1 Rf4 33. Qd3 Ne5 34. Qb1 Rxf1+ 35. Kxf1 Kh7 36. Rd6 Re6 37. Rxe6 Qxe6 38. Nd4+ Qg6 39. Qf5 Qxf5+ 40. Nxf5 Nc6 41. Nd6 Nd8 42. Ke2 Kg6 43. Kd3 Kf6 44. Kd4 Ke6 45. Ke4 b5 46. Nf5 Nf7 47. Nd4+ Kd7 48. Kd5 Nd8 49. c6+ Kc7 50. Kc5 Nf7 51. Ne6+ Kc8 52. Kb6 Nd6 53. Kxa6 Nc4 54. Kxb5 Nxa3+ 55. Kc5 Nc2 56. b5 Ne1 57. Kd6 Nd3 58. b6 Nf4 59. Nc5 Nxh3 60. b7+ Kb8 1-0

[Event "GER-ch Seniors 15th"]
[Site "Bad Wiessee"]
[Date "2003.05.15"]
[Round "6.22"]
[White "Quasatchi, Mark"]
[Black "Wulf, Adalbert"]
[Result "1-0"]
[WhiteElo "2194"]
[BlackElo "2032"]
[PlyCount "75"]
[EventDate "2003.05.??"]
[EventType "swiss"]
[EventRounds "9"]
[EventCountry "GER"]
[SourceTitle "CBM 094 Extra"]
[Source "ChessBase"]
[SourceDate "2003.07.09"]
[SourceVersion "2"]
[SourceVersionDate "2003.07.09"]
[SourceQuality "1"]

1. d4 Nf6 2. c4 e5 3. dxe5 Ne4 4. Nf3 Nc6 5. Nbd2 Bb4 6. a3 Bxd2+ 7. Bxd2 Nxd2 8. Qxd2 0-0 9. Rd1 Qe7 10. Qf4 Re8 11. Rd5 b6 12. Qd2 Nb8 13. g3 Bb7 14. Rd3 a5 15. Bg2 Bc6 16. 0-0 Na6 17. Re3 Rad8 18. Qc3 Qc5 19. Rb1 a4 20. Rd1 Re7 21. Nh4 Bxg2 22. Nxg2 Rde8 23. Rd5 Qc6 24. Nf4 Nc5 25. Nd3 Ne6 26. h4 Nf8 27. Qc2 Qa8 28. Qc3 d6 29. exd6 Rxe3 30. fxe3 cxd6 31. Nf4 f6 32. Qd3 Qc8 33. Rxd6 Qc5 34. Qd5+ Qxd5 35. Nxd5 Ng6 36. Rxb6 Ne5 37. Rb4 Rc8 38. Ne7+ 1-0